000 01138nam0a2200289 4500
001 RU\NLR\BIBL_A\010828517
005 20250614103337.0
010 _a978-5-298-02865-3
_92000
021 _aRU
_b2015-35260
_92083
035 _a(NLR Aleph) 010828517
090 _a10276332
_c10276332
100 _a20150903d2015 |||y0rusy50 ca
101 0 _atat
102 _aRU
105 _ay z 000 y
200 1 _aҖирбизәк
_eшигырьләр
_fФирүзә Җамалетдинова
210 _aКазан
_cТатар. кит. нәшр.
_d2015
215 _a367 б.
_d17
300 _aВ вып. дан. авт.: Замалетдинова Фирузя (Фатхутдинова Фирузя Исламовна).
541 1 _6z01790
_aЗемные узоры
_e[стихи].
_zrus
686 1 _aШ6(2=Тат)7-5
700 1 _aҖамалетдинова
_bФ.
_f1960-
_gФирүзә
_4070
790 1 _4070
_7ca
_8rus
_aЗамалетдинова
_bФ. И.
_f1960-
_gФируза Исламовна
_9185060
_3RU\NLR\AUTH\770185111
852 _aNLR
_bОНЛ
_jТатар./2-12667
942 _cBOOK
980 _aNB